00000000cam 2200000zi 4500
0019.932134
003CaOODSP
00520260210092243
006m     o  d f      
007cr mn|||||||||
008240105t20242024qucab   ob   f000 0 fre d
020 |a9780660695051 |q(PDF)
020 |a9780660695068 |q(papier)
040 |aCaOODSP|bfre|erda|cCaOODSP
043 |an-cn-nk
0861 |aR64-105/80-2024F-PDF
0861 |aR64-105/80-2024F
24500|aParc national du Canada Fundy : |bplan directeur.
24614|aParc national du Canada Fundy : |bplan directeur, 2024
24617|aParc national Fundy : |bplan directeur
2463 |aPlan directeur du parc national du Canada Fundy, 2024
264 1|a[Gatineau, Québec] : |bParcs Canada = Parks Canada, |c2024.
264 4|c©2024
300 |a1 ressource en ligne (x, 22 pages) : |billustrations en couleur, cartes en couleur
336 |atexte|btxt|2rdacontent/fre
337 |ainformatique|bc|2rdamedia/fre
338 |aressource en ligne|bcr|2rdacarrier/fre
500 |aPublié aussi en anglais sous le titre : Fundy National Park of Canada management plan.
504 |aComprend des références bibliographiques.
651 6|aParc national Fundy (N.-B.)|xGestion.
7102 |aParcs Canada, |eorganisme de publication.
77508|tFundy National Park of Canada management plan.|w(CaOODSP)9.932130
7760#|tPlan directeur du Parc national du Canada Fundy.|w(CaOODSP)9.932135
85640|qPDF|s4.67 Mo|uhttps://publications.gc.ca/collections/collection_2024/pc/R64-105-80-2024-fra.pdf
8564 |qHTML|sS.O.|uhttps://parcs.canada.ca/pn-np/nb/fundy/info/plan